Les mangas écrits par des femmes - Statistiques

Statistiques générales
  • Ce quiz a été pris 17 fois
    16 depuis la dernière actualisation
  • Le résultat moyen est 5 sur 7
Statistiques - réponses
Description et autrice(s) Manga à deviner % Correct
deux frères, transmutation humaine, pierre philosophale ; Hiromu Arakawa Fullmetal Alchemist
92%
magical girl, cartes, livre ; CLAMP Cardcaptor Sakura
77%
magical girl, chat, sceptre ; Naoko Takeuchi Sailor Moon
77%
train, musique, 707 ; Ai Yazawa Nana
69%
XIXe siècle, Londres, entreprise Phantom ; Yana Toboso Black Butler
54%
deux dimensions, démons, père gardien ; Kazue Kato Blue Exorcist
46%
romance, armée, poupée souvenir ; Kana Akatsuki Violet Evergarden
46%
Aucun quiz correspondant
Distribution des résultats
% des personnes avec chaque résultat
Percentile par nombre de réponses
Votre historique - résultats
Vous n’avez pas pris ce quiz depuis la dernière actualisation